[Event "23rd PKWN Festival it"]
[Site "Naleczow POL"]
[Date "1987.07.??"]
[Round "6"]
[White "Borkowski, Franciszek"]
[Black "Negulescu, Adrian"]
[Result "1/2-1/2"]
[WhiteElo "2450"]
[BlackElo "2435"]
[EventDate "1987.07.15"]
[PlyCount "98"]

1.e4 e5 2.Nf3 d6 3.d4 exd4 4.Nxd4 g6 5.Nc3 Bg7 6.Be3 Nf6 7.Qd2 O-O 8.f3 
Nc6 9.O-O-O Nxd4 10.Bxd4 Be6 11.Kb1 c5 12.Be3 Qa5 13.h4 h5 14.Bg5 Nd7 15.
Nd5 Qa4 16.b3 Qa3 17.Qc1 Qa5 18.Bd2 Qd8 19.Bh6 Bxd5 20.Bxg7 Kxg7 21.Rxd5 
Qf6 22.Qb2 Ne5 23.Be2 Rad8 24.g3 Nc6 25.Qxf6+ Kxf6 26.c3 a6 27.Rhd1 Ke7 
28.f4 b5 29.a3 Ke6 30.Kb2 Ne7 31.R5d2 f5 32.Bf3 fxe4 33.Bxe4 d5 34.Bg2 Rd6
35.Re1+ Kf6 36.b4 c4 37.Re5 Rfd8 38.Rd4 R6d7 39.Bh3 Rd6 40.Rd1 Nc6 41.Rde1
d4 42.Re6+ Kf7 43.cxd4 Nxd4 44.Rxd6 Rxd6 45.Rd1 Ke7 46.Re1+ Kf6 47.Rd1 Ke7
48.Re1+ Kf6 49.Rd1 Ke7 1/2-1/2

[Event "23rd PKWN Festival it"]
[Site "Naleczow POL"]
[Date "1987.07.??"]
[Round "6"]
[White "Gavrilakis, Nikolaos"]
[Black "Staniszewski, Piotr"]
[Result "1-0"]
[WhiteElo "2370"]
[BlackElo "2445"]
[EventDate "1987.07.15"]
[PlyCount "107"]

1.e4 c5 2.Nf3 d6 3.d4 cxd4 4.Nxd4 Nf6 5.Nc3 a6 6.Be3 e6 7.g4 h6 8.Qf3 Nbd7
9.Qh3 e5 10.Nb3 Nb6 11.f3 Be6 12.O-O-O Qc7 13.Qh4 Be7 14.Qf2 Nc4 15.Bxc4 
Qxc4 16.Na5 Qb4 17.a3 Qxa5 18.Bb6 Qxc3 19.bxc3 Rc8 20.Kb2 Nd7 21.h4 Nc5 
22.Bxc5 Rxc5 23.Rd3 O-O 24.Rhd1 Rfc8 25.Rxd6 Bxd6 26.Rxd6 Rxc3 27.Rd8+ 
Rxd8 28.Kxc3 Bd7 29.Qb6 Rc8+ 30.Kd2 Bc6 31.Qc5 Re8 32.Qd6 Re6 33.Qc7 Re8 
34.Kc3 g5 35.hxg5 hxg5 36.Kb4 Kg7 37.c4 Kg6 38.c5 f6 39.Ka5 Rh8 40.Qd6 Rh3
41.Qd3 Rh7 42.Kb6 Rd7 43.Qxd7 Bxd7 44.Kxb7 Kf7 45.c6 Be6 46.c7 Ke7 47.c8=Q
Bxc8+ 48.Kxc8 Kd6 49.Kb7 Kc5 50.Kxa6 Kd4 51.Kb5 Ke3 52.a4 Kxf3 53.a5 Kxg4 
54.a6 1-0

[Event "23rd PKWN Festival it"]
[Site "Naleczow POL"]
[Date "1987.07.??"]
[Round "6"]
[White "Goldin, Alexander"]
[Black "Nun, Jiri"]
[Result "1-0"]
[WhiteElo "2465"]
[BlackElo "2460"]
[EventDate "1987.07.15"]
[PlyCount "83"]

1.d4 Nf6 2.c4 c5 3.d5 b5 4.cxb5 a6 5.bxa6 Bxa6 6.Nc3 g6 7.e4 Bxf1 8.Kxf1 
d6 9.g3 Bg7 10.Kg2 O-O 11.Nge2 Nbd7 12.Be3 Qc7 13.b3 Rfb8 14.Qc2 Rb4 15.a3
Rb7 16.f3 Ne5 17.a4 Qc8 18.Bf4 Nfd7 19.Nb5 Nb6 20.Rhc1 f5 21.Bxe5 Bxe5 22.
Qd3 fxe4 23.fxe4 Qd7 24.Na3 Rbb8 25.Ng1 Bg7 26.Nf3 Bh6 27.Rc2 Rf8 28.Nc4 
Nxc4 29.Rxc4 Rab8 30.h4 Qg4 31.e5 Qd7 32.h5 gxh5 33.e6 Qe8 34.Nh4 Bg5 35.
Nf5 Qg6 36.Rf1 Qf6 37.Rf2 Qa1 38.Qf3 Qb1 39.Rc3 c4 40.Rxc4 Rxb3 41.Qxh5 
Bf6 42.Rh4 1-0

[Event "23rd PKWN Festival it"]
[Site "Naleczow POL"]
[Date "1987.07.??"]
[Round "6"]
[White "Matlak, Marek"]
[Black "Redzepagic, Rolando"]
[Result "1/2-1/2"]
[WhiteElo "2440"]
[BlackElo "2390"]
[EventDate "1987.07.15"]
[PlyCount "48"]

1.d4 d5 2.c4 c6 3.Nf3 Nf6 4.Qc2 Bg4 5.Ne5 e6 6.Nxg4 Nxg4 7.h3 Nf6 8.e3 Ne4
9.Nc3 f5 10.Bd3 Bd6 11.O-O O-O 12.Ne2 Nd7 13.f3 Ng3 14.Nxg3 Bxg3 15.Bd2 
Bd6 16.c5 Bc7 17.b4 Qf6 18.f4 g5 19.fxg5 Qxg5 20.Rf3 Qg7 21.Kh1 Nf6 22.Rg1
Kh8 23.Be1 Qh6 24.Qf2 Bd8 1/2-1/2

[Event "23rd PKWN Festival it"]
[Site "Naleczow POL"]
[Date "1987.07.??"]
[Round "6"]
[White "Przewoznik, Jan"]
[Black "Luther, Thomas"]
[Result "1/2-1/2"]
[WhiteElo "2420"]
[BlackElo "2425"]
[EventDate "1987.07.15"]
[PlyCount "58"]

1.e4 e6 2.d4 d5 3.Nd2 c5 4.exd5 Qxd5 5.Ngf3 cxd4 6.Bc4 Qd6 7.O-O Nf6 8.Nb3
Nc6 9.Nbxd4 Nxd4 10.Nxd4 Bd7 11.b3 O-O-O 12.Bb2 Qc7 13.Qe2 h5 14.Nf3 Ng4 
15.h3 Bc6 16.Rfd1 Bc5 17.hxg4 hxg4 18.Ne5 g3 19.Qg4 gxf2+ 20.Kf1 Rh1+ 21.
Ke2 Rhxd1 22.Rxd1 Rxd1 23.Kxd1 Qa5 24.c3 Qxa2 25.Nxc6 Qxb2 26.Qf3 Ba3 27.
Nxa7+ Kb8 28.Qf4+ Kxa7 29.Qd4+ Kb8 1/2-1/2

[Event "23rd PKWN Festival it"]
[Site "Naleczow POL"]
[Date "1987.07.??"]
[Round "6"]
[White "Sarwinski, Miroslaw"]
[Black "Tolnai, Tibor"]
[Result "0-1"]
[WhiteElo "2345"]
[BlackElo "2475"]
[EventDate "1987.07.15"]
[PlyCount "110"]

1.d4 Nf6 2.c4 e6 3.Nc3 Bb4 4.e3 O-O 5.Ne2 d5 6.a3 Be7 7.cxd5 exd5 8.Nf4 c6
9.Bd3 a5 10.O-O b6 11.Re1 Ba6 12.Bc2 b5 13.e4 b4 14.axb4 axb4 15.e5 bxc3 
16.exf6 Bxf6 17.bxc3 g6 18.Bd3 Re8 19.Be3 Qb6 20.Nh5 Nd7 21.Nxf6+ Nxf6 22.
Bg5 Ne4 23.Rxa6 Rxa6 24.Bxa6 Qxa6 25.f3 Nd6 26.Bf4 Rd8 27.Re2 Nf5 28.Qe1 
Ng7 29.Be5 Re8 30.Kf2 Ne6 31.Qd2 c5 32.Qh6 Qa7 33.Qh4 h5 34.Qf6 Kh7 35.Kg3
cxd4 36.cxd4 Qe7 37.Qxe7 Rxe7 38.Rb2 g5 39.h4 gxh4+ 40.Kxh4 Kg6 41.Rb8 f6 
42.Bd6 Rd7 43.Bc5 Kf5 44.Re8 Rg7 45.g3 Ng5 46.Re3 Rb7 47.Bd6 Rb1 48.g4+ 
hxg4 49.fxg4+ Kg6 50.Bc5 Ne4 51.Kh3 Rg1 52.Be7 Kg5 53.Rf3 Rxg4 54.Bxf6+ 
Nxf6 55.Rxf6 Rh4+ 0-1

[Event "23rd PKWN Festival it"]
[Site "Naleczow POL"]
[Date "1987.07.??"]
[Round "7"]
[White "Jasnikowski, Zbigniew"]
[Black "Matlak, Marek"]
[Result "1/2-1/2"]
[WhiteElo "2410"]
[BlackElo "2440"]
[EventDate "1987.07.15"]
[PlyCount "40"]

1.d4 d5 2.c4 e6 3.Nf3 c6 4.Nc3 dxc4 5.a4 Bb4 6.Bd2 c5 7.dxc5 Nf6 8.e3 Nc6 
9.Bxc4 Bxc5 10.O-O O-O 11.Rc1 b6 12.Qe2 Bb7 13.Rfd1 Qe7 14.h3 Rfd8 15.Be1 
h6 16.Ba6 Rxd1 17.Rxd1 Bxa6 18.Qxa6 Nb4 19.Qe2 Rd8 20.Rxd8+ Qxd8 1/2-1/2

[Event "23rd PKWN Festival it"]
[Site "Naleczow POL"]
[Date "1987.07.??"]
[Round "7"]
[White "Luther, Thomas"]
[Black "Sarwinski, Miroslaw"]
[Result "1/2-1/2"]
[WhiteElo "2425"]
[BlackElo "2345"]
[EventDate "1987.07.15"]
[PlyCount "56"]

1.d4 Nf6 2.Bg5 Ne4 3.h4 c5 4.e3 g6 5.Nd2 Qa5 6.Nf3 Nxd2 7.Nxd2 h6 8.Bf4 
cxd4 9.exd4 Bg7 10.c3 d5 11.Bd3 Nc6 12.Qe2 Qb6 13.Nb3 a5 14.Nc5 O-O 15.O-O
a4 16.b4 axb3 17.axb3 Rxa1 18.Rxa1 e5 19.Na4 Nxd4 20.Nxb6 Nxe2+ 21.Bxe2 
exf4 22.Nxd5 Be6 23.Nxf4 Bxc3 24.Ra7 Bxb3 25.Rxb7 Ba2 26.Ra7 Bb3 27.Ra3 
Rb8 28.Bc4 Bd2 1/2-1/2

[Event "23rd PKWN Festival it"]
[Site "Naleczow POL"]
[Date "1987.07.??"]
[Round "7"]
[White "Nun, Jiri"]
[Black "Borkowski, Franciszek"]
[Result "1-0"]
[WhiteElo "2460"]
[BlackElo "2450"]
[EventDate "1987.07.15"]
[PlyCount "129"]

1.e4 d6 2.d4 Nf6 3.Nc3 g6 4.Be2 Bg7 5.Be3 Nc6 6.h3 e5 7.dxe5 Nxe5 8.Nf3 
O-O 9.O-O Be6 10.Nxe5 dxe5 11.Qxd8 Rfxd8 12.Nb5 Rdc8 13.Nc3 Bf8 14.Rfd1 c6
15.a3 Ne8 16.Rd2 f5 17.exf5 gxf5 18.f3 Nf6 19.g4 Kf7 20.gxf5 Bxf5 21.Ne4 
Nxe4 22.fxe4 Be6 23.Kh2 Bg7 24.Rg1 Rc7 25.Rd6 Ke7 26.Rgd1 Re8 27.Bc5 Kf6 
28.Bh5 Ree7 29.Bg4 Bh6 30.Bf2 Bf4+ 31.Kh1 Kf7 32.Bh5+ Kf8 33.Bh4 Bxh3 34.
Rd8+ Kg7 35.Bxe7 Rxe7 36.Re8 Rxe8 37.Bxe8 Kf6 38.Bd7 Be6 39.Bxe6 Kxe6 40.
Kg2 Be3 41.Kf3 Bg5 42.Kg4 h6 43.Kh5 b5 44.a4 a6 45.Kg6 Ke7 46.Kf5 Bf4 47.
b3 bxa4 48.bxa4 h5 49.Rh1 Kd6 50.Rxh5 Kc5 51.Rh4 Bg3 52.Rh3 Bf4 53.Rc3+ 
Kb4 54.Rxc6 a5 55.Rb6+ Kxa4 56.Rb3 Bh2 57.Ke6 Bf4 58.Kd5 Bh2 59.Kc4 Bg3 
60.Rb1 Ka3 61.Ra1+ Kb2 62.Rxa5 Kxc2 63.Ra2+ Kd1 64.Kd5 Bf4 65.Ke6 1-0

[Event "23rd PKWN Festival it"]
[Site "Naleczow POL"]
[Date "1987.07.??"]
[Round "7"]
[White "Staniszewski, Piotr"]
[Black "Przewoznik, Jan"]
[Result "1-0"]
[WhiteElo "2445"]
[BlackElo "2420"]
[EventDate "1987.07.15"]
[PlyCount "73"]

1.d4 Nf6 2.c4 e6 3.g3 Bb4+ 4.Bd2 c5 5.Bg2 O-O 6.Nf3 Qb6 7.O-O Nc6 8.dxc5 
Bxc5 9.Nc3 Be7 10.Qc2 d6 11.Rad1 Rd8 12.a3 h6 13.Nb5 d5 14.Be3 Bc5 15.Bxc5
Qxc5 16.b4 Qxc4 17.Qxc4 dxc4 18.Rxd8+ Nxd8 19.Ne5 Bd7 20.Nd6 Ba4 21.Rc1 
Nd5 22.Rxc4 f6 23.Nd3 a6 24.Bxd5 exd5 25.Rc7 Bc6 26.Nc5 Kf8 27.Nf5 b6 28.
Ne6+ Nxe6 29.Rxc6 Kf7 30.Rxb6 a5 31.b5 a4 32.Rb7+ Kf8 33.b6 h5 34.Re7 Nc5 
35.Rxg7 Re8 36.Rc7 Ne4 37.b7 1-0

[Event "23rd PKWN Festival it"]
[Site "Naleczow POL"]
[Date "1987.07.??"]
[Round "7"]
[White "Tolnai, Tibor"]
[Black "Goldin, Alexander"]
[Result "1/2-1/2"]
[WhiteElo "2475"]
[BlackElo "2465"]
[EventDate "1987.07.15"]
[PlyCount "33"]

1.e4 e5 2.Nf3 Nc6 3.Bb5 a6 4.Ba4 Nf6 5.O-O Be7 6.d4 exd4 7.Re1 b5 8.e5 
Nxe5 9.Rxe5 d6 10.Re1 bxa4 11.Nxd4 Bd7 12.Qf3 O-O 13.Nc6 Bxc6 14.Qxc6 Re8 
15.Nc3 Qd7 16.Qxd7 Nxd7 17.Nxa4 1/2-1/2

[Event "23rd PKWN Festival it"]
[Site "Naleczow POL"]
[Date "1987.07.??"]
[Round "8"]
[White "Borkowski, Franciszek"]
[Black "Tolnai, Tibor"]
[Result "1-0"]
[WhiteElo "2450"]
[BlackElo "2475"]
[EventDate "1987.07.15"]
[PlyCount "83"]

1.e4 e5 2.Nf3 Nc6 3.Bb5 a6 4.Bxc6 dxc6 5.O-O Bg4 6.h3 h5 7.d3 Qf6 8.Nbd2 
Ne7 9.Re1 Ng6 10.d4 Bd6 11.hxg4 hxg4 12.Nh2 Rxh2 13.Qxg4 Rh4 14.Qf5 Ne7 
15.Qxf6 gxf6 16.Nf3 Rh5 17.dxe5 Bxe5 18.Nxe5 fxe5 19.g3 O-O-O 20.Be3 Rdh8 
21.Bc5 Ng6 22.Kg2 b6 23.Be3 Rh2+ 24.Kf3 Nf8 25.c3 Ne6 26.Rg1 c5 27.b3 b5 
28.Rad1 b4 29.cxb4 cxb4 30.Rd5 f6 31.Rc1 Rf8 32.Rc4 Ng5+ 33.Ke2 Rd8 34.
Rxd8+ Kxd8 35.Rxb4 Nf7 36.Ra4 Nd6 37.Kf3 Rh1 38.Rxa6 Kd7 39.Bc5 Ne8 40.b4 
Rc1 41.a4 Rc3+ 42.Kg4 1-0

[Event "23rd PKWN Festival it"]
[Site "Naleczow POL"]
[Date "1987.07.??"]
[Round "8"]
[White "Gavrilakis, Nikolaos"]
[Black "Jasnikowski, Zbigniew"]
[Result "0-1"]
[WhiteElo "2370"]
[BlackElo "2410"]
[EventDate "1987.07.15"]
[PlyCount "74"]

1.e4 c5 2.Nf3 e6 3.d4 cxd4 4.Nxd4 Nc6 5.Nc3 d6 6.Be2 Nf6 7.O-O Be7 8.Kh1 
O-O 9.f4 Bd7 10.Bf3 a6 11.a4 Qc7 12.Be3 Rfe8 13.Qe2 Nxd4 14.Bxd4 e5 15.Be3
Be6 16.Qf2 exf4 17.Bxf4 Nd7 18.Rad1 Rac8 19.Qg3 Ne5 20.Bxe5 dxe5 21.Bg4 
Rcd8 22.Nd5 Bxd5 23.Rxd5 Rxd5 24.exd5 Bd6 25.Qc3 Qe7 26.Qh3 g6 27.Bd7 Rf8 
28.c4 Kg7 29.Bc8 Qc7 30.Qd7 Qxc4 31.Rd1 Rxc8 32.Qxd6 Qd4 33.Rf1 Qf4 34.Rg1
Rc2 35.b4 Rd2 36.Qc7 Qd4 37.Qxb7 Rd1 0-1

[Event "23rd PKWN Festival it"]
[Site "Naleczow POL"]
[Date "1987.07.??"]
[Round "8"]
[White "Goldin, Alexander"]
[Black "Luther, Thomas"]
[Result "1-0"]
[WhiteElo "2465"]
[BlackElo "2425"]
[EventDate "1987.07.15"]
[PlyCount "77"]

1.d4 Nf6 2.Nf3 e6 3.Bg5 c5 4.e3 d5 5.Nbd2 Be7 6.c3 Nbd7 7.Bd3 O-O 8.O-O b6
9.Ne5 Nxe5 10.dxe5 Nd7 11.Bxe7 Qxe7 12.f4 f6 13.exf6 Nxf6 14.Nf3 Bb7 15.
Ne5 Rad8 16.Qe1 Nd7 17.Qg3 Nxe5 18.fxe5 Bc6 19.Qh3 g6 20.Qh6 d4 21.exd4 
cxd4 22.c4 Rxf1+ 23.Rxf1 Rf8 24.Rxf8+ Qxf8 25.Qh4 Qb4 26.Qd8+ Kg7 27.Qf6+ 
Kh6 28.Qf2 Kg7 29.h3 Qe7 30.h4 Qd8 31.a3 a5 32.Qf4 Ba8 33.Qg4 Qd7 34.h5 
Qc6 35.hxg6 h6 36.Qg3 a4 37.Qf2 Qb7 38.Qf6+ Kg8 39.Be4 1-0

[Event "23rd PKWN Festival it"]
[Site "Naleczow POL"]
[Date "1987.07.??"]
[Round "8"]
[White "Negulescu, Adrian"]
[Black "Nun, Jiri"]
[Result "1/2-1/2"]
[WhiteElo "2435"]
[BlackElo "2460"]
[EventDate "1987.07.15"]
[PlyCount "20"]

1.c4 e5 2.Nc3 Nf6 3.e3 Be7 4.d4 d6 5.Nf3 Nbd7 6.Be2 c6 7.O-O O-O 8.Qc2 Re8
9.b3 Nf8 10.Bb2 a6 1/2-1/2

[Event "23rd PKWN Festival it"]
[Site "Naleczow POL"]
[Date "1987.07.??"]
[Round "8"]
[White "Przewoznik, Jan"]
[Black "Redzepagic, Rolando"]
[Result "1-0"]
[WhiteElo "2420"]
[BlackElo "2390"]
[EventDate "1987.07.15"]
[PlyCount "39"]

1.e4 c6 2.d4 d5 3.Nd2 dxe4 4.Nxe4 Nf6 5.Nxf6+ gxf6 6.Bc4 Bf5 7.Ne2 h5 8.
Be3 e6 9.Nf4 h4 10.Qe2 Bd6 11.O-O-O Qc7 12.Nh5 Ke7 13.Ng7 Bh7 14.Qg4 Rg8 
15.Bh6 Nd7 16.Rhe1 Nb6 17.Bxe6 fxe6 18.Qxe6+ Kd8 19.Ne8 Bf4+ 20.Kb1 1-0

[Event "23rd PKWN Festival it"]
[Site "Naleczow POL"]
[Date "1987.07.??"]
[Round "8"]
[White "Sarwinski, Miroslaw"]
[Black "Staniszewski, Piotr"]
[Result "1/2-1/2"]
[WhiteElo "2345"]
[BlackElo "2445"]
[EventDate "1987.07.15"]
[PlyCount "49"]

1.d4 Nf6 2.c4 g6 3.Nc3 Bg7 4.e4 d6 5.Nf3 O-O 6.Be2 e5 7.O-O Nbd7 8.Re1 c6 
9.Bf1 a5 10.h3 Re8 11.Qc2 exd4 12.Nxd4 d5 13.cxd5 Nxd5 14.Nf3 Nb4 15.Qe2 
Nc5 16.Bg5 Qd3 17.Rad1 Qxe2 18.Rxe2 Nbd3 19.e5 Be6 20.Be3 b6 21.Bd4 Nf4 
22.Red2 Nd5 23.Bxc5 Nxc3 24.bxc3 bxc5 25.c4 1/2-1/2

[Event "23rd PKWN Festival it"]
[Site "Naleczow POL"]
[Date "1987.07.??"]
[Round "9"]
[White "Jasnikowski, Zbigniew"]
[Black "Przewoznik, Jan"]
[Result "1/2-1/2"]
[WhiteElo "2410"]
[BlackElo "2420"]
[EventDate "1987.07.15"]
[PlyCount "63"]

1.d4 Nf6 2.c4 e6 3.Nf3 Bb4+ 4.Bd2 c5 5.Bxb4 cxb4 6.g3 b6 7.Bg2 Bb7 8.O-O 
O-O 9.Nbd2 d6 10.Qb3 a5 11.a3 Na6 12.Ne1 Bxg2 13.Nxg2 Qd7 14.Qd3 h6 15.
Rfd1 Rfd8 16.Rac1 e5 17.Ne4 Nxe4 18.Qxe4 bxa3 19.bxa3 Qa4 20.Ne3 exd4 21.
Qxd4 Nc5 22.Nf5 Ne6 23.Qe3 b5 24.cxb5 Qxb5 25.Nxd6 Qa4 26.Rd3 Qg4 27.Rc4 
Qh5 28.h4 Rab8 29.Ne4 Qb5 30.Qc1 Rxd3 31.exd3 Rd8 32.Rc8 1/2-1/2

[Event "23rd PKWN Festival it"]
[Site "Naleczow POL"]
[Date "1987.07.??"]
[Round "9"]
[White "Luther, Thomas"]
[Black "Borkowski, Franciszek"]
[Result "1/2-1/2"]
[WhiteElo "2425"]
[BlackElo "2450"]
[EventDate "1987.07.15"]
[PlyCount "109"]

1.e4 e5 2.Nf3 Nc6 3.Bc4 Bc5 4.d3 Nf6 5.Nc3 a6 6.O-O d6 7.h3 Na5 8.a3 Nxc4 
9.dxc4 Be6 10.Qd3 Nh5 11.Nd5 c6 12.Nc3 b5 13.cxb5 axb5 14.Rd1 Bc4 15.Qd2 
Nf4 16.b3 Be6 17.Ne2 Nxe2+ 18.Qxe2 Qe7 19.a4 O-O 20.Be3 Bxe3 21.Qxe3 bxa4 
22.Rxa4 f5 23.Qg5 Qc7 24.Rxa8 Rxa8 25.exf5 Bd5 26.Qg4 Rf8 27.Ng5 h6 28.Nf3
Bxf3 29.Qxf3 d5 30.c4 e4 31.Qc3 Rxf5 32.cxd5 Qf4 33.dxc6 Qxf2+ 34.Kh1 Rc5 
35.Qd4 Qc2 36.Re1 Rxc6 37.Qxe4 Qxe4 38.Rxe4 Rc3 39.Rb4 Kf7 40.Rb6 h5 41.h4
Rd3 42.Kg1 Rd4 43.g3 Rd2 44.Kf1 Rb2 45.b4 g6 46.Rb8 Ke6 47.Rb5 Kf6 48.Kg1 
Kf7 49.Rb6 Kg7 50.Kf1 Kf7 51.b5 Kg7 52.Kg1 Kf7 53.Kf1 Kg7 54.Kg1 Kf7 55.
Kf1 1/2-1/2

[Event "23rd PKWN Festival it"]
[Site "Naleczow POL"]
[Date "1987.07.??"]
[Round "9"]
[White "Matlak, Marek"]
[Black "Gavrilakis, Nikolaos"]
[Result "1/2-1/2"]
[WhiteElo "2440"]
[BlackElo "2370"]
[EventDate "1987.07.15"]
[PlyCount "85"]

1.Nf3 g6 2.d4 Bg7 3.g3 Nf6 4.Bg2 O-O 5.c4 d6 6.O-O Nbd7 7.Qc2 e5 8.Rd1 Qe7
9.e4 exd4 10.Nxd4 Nc5 11.Nc3 Re8 12.f3 Ne6 13.Be3 Nxd4 14.Bxd4 Be6 15.b3 
c5 16.Bf2 Nd7 17.f4 Nf6 18.h3 Bd7 19.Re1 Bc6 20.e5 Bxg2 21.Kxg2 dxe5 22.
Rxe5 Qd7 23.Rae1 Rxe5 24.Rxe5 b6 25.Qe2 Re8 26.Rxe8+ Nxe8 27.Nd5 Kf8 28.
Qg4 Qxg4 29.hxg4 Nf6 30.Nxf6 Bxf6 31.Kf3 Ke7 32.Ke4 Ke6 33.Be3 Kd6 34.g5 
Bd8 35.g4 Be7 36.Bd2 Ke6 37.f5+ Kd6 38.Bc1 Bd8 39.Be3 Be7 40.Bd2 Kc6 41.
Bf4 Bd8 42.Bd2 Be7 43.Bf4 1/2-1/2

[Event "23rd PKWN Festival it"]
[Site "Naleczow POL"]
[Date "1987.07.??"]
[Round "9"]
[White "Redzepagic, Rolando"]
[Black "Sarwinski, Miroslaw"]
[Result "1/2-1/2"]
[WhiteElo "2390"]
[BlackElo "2345"]
[EventDate "1987.07.15"]
[PlyCount "27"]

1.d4 Nf6 2.c4 e6 3.Nf3 b6 4.g3 Bb4+ 5.Nbd2 Ba6 6.Qb3 c5 7.Bg2 Nc6 8.dxc5 
bxc5 9.O-O Rb8 10.Qc2 O-O 11.Nb3 Na5 12.Nxa5 Bxa5 13.Rd1 Bb7 14.Ne5 
1/2-1/2

[Event "23rd PKWN Festival it"]
[Site "Naleczow POL"]
[Date "1987.07.??"]
[Round "9"]
[White "Staniszewski, Piotr"]
[Black "Goldin, Alexander"]
[Result "0-1"]
[WhiteElo "2445"]
[BlackElo "2465"]
[EventDate "1987.07.15"]
[PlyCount "56"]

1.d4 Nf6 2.Nf3 e6 3.g3 b5 4.Qd3 b4 5.Bg2 Bb7 6.O-O c5 7.Bg5 Be7 8.c3 cxd4 
9.cxd4 Qb6 10.Re1 d5 11.Nbd2 O-O 12.Rac1 h6 13.Bxf6 Bxf6 14.e4 Nd7 15.e5 
Be7 16.Bf1 a6 17.Nb3 Bc6 18.Rc2 a5 19.Rec1 Rfc8 20.h4 Qb7 21.Qe3 a4 22.Nc5
Nxc5 23.dxc5 Ra5 24.Qd2 Bd7 25.Qd4 a3 26.b3 Qc6 27.Qxb4 Rxc5 28.Rxc5 Bxc5 
0-1

[Event "23rd PKWN Festival it"]
[Site "Naleczow POL"]
[Date "1987.07.??"]
[Round "9"]
[White "Tolnai, Tibor"]
[Black "Negulescu, Adrian"]
[Result "1-0"]
[WhiteElo "2475"]
[BlackElo "2435"]
[EventDate "1987.07.15"]
[PlyCount "119"]

1.e4 g6 2.d4 c6 3.Nc3 d5 4.Nf3 Bg7 5.h3 Nf6 6.e5 Ne4 7.Nxe4 dxe4 8.Ng5 c5 
9.Bc4 O-O 10.c3 cxd4 11.cxd4 b5 12.Bb3 Nc6 13.Be3 Na5 14.Nxe4 Nxb3 15.Qxb3
Bb7 16.f3 Rb8 17.O-O Bd5 18.Qc2 b4 19.b3 f6 20.exf6 exf6 21.Rac1 f5 22.Nc5
f4 23.Bf2 Rc8 24.Qd2 a5 25.Rfe1 Rc6 26.Qe2 Rd6 27.Rcd1 Qb6 28.Kh1 g5 29.
Qd3 Bf7 30.Re7 Qc6 31.Ra7 Qd5 32.Rxa5 Rfd8 33.Qb5 Re8 34.Ne4 Qxb5 35.Rxb5 
Ra6 36.Rxg5 Rea8 37.d5 Rxa2 38.Bc5 Ra1 39.Rxa1 Rxa1+ 40.Kh2 Bg6 41.d6 Rd1 
42.Bxb4 Kf7 43.Bc3 Bh6 44.Re5 Bxe4 45.Rxe4 Rxd6 46.Be5 Re6 47.Bc7 Rf6 48.
b4 Rf5 49.Be5 Kg6 50.b5 Bg7 51.Bxg7 Kxg7 52.Rb4 Rf7 53.b6 Rb7 54.Kg1 Kg6 
55.Rb5 Kf6 56.Kf2 Ke6 57.Ke2 Kd6 58.Kd3 Kc6 59.Rb2 Kd5 60.Rb1 1-0

[Event "23rd PKWN Festival it"]
[Site "Naleczow POL"]
[Date "1987.07.??"]
[Round "10"]
[White "Borkowski, Franciszek"]
[Black "Staniszewski, Piotr"]
[Result "0-1"]
[WhiteElo "2450"]
[BlackElo "2445"]
[EventDate "1987.07.15"]
[PlyCount "80"]

1.e4 c5 2.Nf3 e6 3.d4 cxd4 4.Nxd4 Nf6 5.Nc3 d6 6.Bc4 a6 7.Bb3 b5 8.O-O Be7
9.f4 Bb7 10.Be3 Nc6 11.a3 O-O 12.Qf3 Na5 13.g4 Nxb3 14.Nxb3 Rc8 15.g5 Nd7 
16.Rad1 Rxc3 17.bxc3 Qa8 18.Rd4 f5 19.Rfd1 Bxe4 20.Qf2 d5 21.a4 e5 22.R4d2
bxa4 23.Nc5 exf4 24.Nxd7 fxe3 25.Qxe3 Bxg5 26.Qxg5 Qa7+ 27.Rd4 Qxd7 28.Qf4
Qc6 29.c4 dxc4 30.c3 a3 31.Ra1 Qb6 32.Qd2 Qg6+ 33.Kf1 f4 34.Rxa3 Bd3+ 35.
Rxd3 cxd3 36.c4 f3 37.Ra5 f2 38.Rg5 Qf6 39.Qa5 d2 40.Rd5 Qf3 0-1

[Event "23rd PKWN Festival it"]
[Site "Naleczow POL"]
[Date "1987.07.??"]
[Round "10"]
[White "Negulescu, Adrian"]
[Black "Luther, Thomas"]
[Result "1-0"]
[WhiteElo "2435"]
[BlackElo "2425"]
[EventDate "1987.07.15"]
[PlyCount "77"]

1.d4 Nf6 2.Nd2 d5 3.e3 e6 4.f4 c5 5.Ngf3 Be7 6.c3 Ng4 7.Bb5+ Bd7 8.Bxd7+ 
Nxd7 9.Qe2 f5 10.O-O O-O 11.h3 Ngf6 12.Ne5 Bd6 13.b3 Rc8 14.Bb2 Qa5 15.a4 
a6 16.Rfc1 cxd4 17.exd4 Bxe5 18.fxe5 Ne4 19.Nxe4 fxe4 20.Ba3 Rf5 21.Bb4 
Qd8 22.a5 Nf8 23.Rf1 Rc7 24.Rf2 Rxf2 25.Qxf2 Rf7 26.Qg3 Ng6 27.Rf1 Rxf1+ 
28.Kxf1 Qd7 29.Kg1 Qf7 30.c4 Nf4 31.Qe3 Nd3 32.Bd2 h6 33.Qg3 Qh5 34.Be3 
Kh7 35.Kh2 dxc4 36.bxc4 Qe2 37.d5 Nxe5 38.Qxe5 Qxe3 39.dxe6 1-0

[Event "23rd PKWN Festival it"]
[Site "Naleczow POL"]
[Date "1987.07.??"]
[Round "10"]
[White "Nun, Jiri"]
[Black "Tolnai, Tibor"]
[Result "1/2-1/2"]
[WhiteElo "2460"]
[BlackElo "2475"]
[EventDate "1987.07.15"]
[PlyCount "22"]

1.e4 c5 2.c3 d5 3.exd5 Qxd5 4.d4 Nc6 5.Nf3 Nf6 6.Na3 Bg4 7.Be2 e6 8.Nc2 
cxd4 9.Ncxd4 Nxd4 10.Qxd4 Qxd4 11.Nxd4 Bxe2 1/2-1/2

[Event "23rd PKWN Festival it"]
[Site "Naleczow POL"]
[Date "1987.07.??"]
[Round "10"]
[White "Przewoznik, Jan"]
[Black "Matlak, Marek"]
[Result "1-0"]
[WhiteElo "2420"]
[BlackElo "2440"]
[EventDate "1987.07.15"]
[PlyCount "87"]

1.e4 e6 2.d4 d5 3.Nc3 Bb4 4.e5 c5 5.a3 Bxc3+ 6.bxc3 Ne7 7.Qg4 cxd4 8.Qxg7 
Rg8 9.Qxh7 Qc7 10.Ne2 Nbc6 11.f4 Bd7 12.Qd3 dxc3 13.Rb1 O-O-O 14.Nxc3 Na5 
15.h3 a6 16.g4 Bc6 17.Bg2 Ng6 18.O-O Nc4 19.Ne2 Bb5 20.Nd4 Qc5 21.Qc3 Kb8 
22.Rf2 Bd7 23.Nb3 Qc7 24.Nd2 Nh4 25.Bf1 Bc6 26.Kh2 b5 27.Qd4 Rg7 28.a4 Qa7
29.Qxa7+ Kxa7 30.axb5 axb5 31.Nxc4 dxc4 32.Be3+ Ka8 33.c3 Rd3 34.Bxd3 cxd3
35.c4 Rg8 36.cxb5 Be4 37.Rb4 Bb7 38.Ra2+ Kb8 39.Ba7+ Kc7 40.Rc4+ Kd7 41.
Rd4+ Bd5 42.Rxd3 Nf3+ 43.Kg3 Ne1 44.Rxd5+ 1-0

[Event "23rd PKWN Festival it"]
[Site "Naleczow POL"]
[Date "1987.07.??"]
[Round "10"]
[White "Sarwinski, Miroslaw"]
[Black "Jasnikowski, Zbigniew"]
[Result "0-1"]
[WhiteElo "2345"]
[BlackElo "2410"]
[EventDate "1987.07.15"]
[PlyCount "160"]

1.d4 Nf6 2.c4 g6 3.Nc3 d5 4.Bf4 Bg7 5.e3 O-O 6.Rc1 c5 7.dxc5 Be6 8.Nf3 Nc6
9.Qa4 Ne4 10.cxd5 Nxc3 11.bxc3 Qxd5 12.Be2 Qxc5 13.O-O Qa5 14.Qxa5 Nxa5 
15.c4 Rac8 16.Nd2 Rfd8 17.Rc2 b5 18.c5 Nc4 19.Nb3 Na3 20.Rcc1 Bc4 21.Bf3 
Bxf1 22.Rxf1 e5 23.Bg3 Nc4 24.Bh4 f6 25.Bb7 Rc7 26.Ba6 Na3 27.f4 Rb8 28.
fxe5 fxe5 29.Rd1 Bf8 30.Rd8 Rxd8 31.Bxd8 Rc6 32.Bb7 Rxc5 33.Nxc5 Bxc5 34.
Kf2 Nc4 35.Ba6 Bxe3+ 36.Kf1 Bb6 37.Bxb6 axb6 38.Bxb5 Nd6 39.Bc6 Kf7 40.Kf2
Ke6 41.Ke3 Nc4+ 42.Kd3 Kd6 43.Bb5 Nb2+ 44.Ke4 Nd1 45.Bc4 Nc3+ 46.Ke3 Nd5+ 
47.Ke4 Nf6+ 48.Ke3 Ng4+ 49.Kf3 Kc5 50.Ba6 Nf6 51.Ke3 Kd5 52.Bb7+ Kc4 53.h4
Kc3 54.Bc8 h6 55.Be6 g5 56.hxg5 hxg5 57.Bf7 b5 58.Be6 b4 59.Bf7 Kc2 60.
Bb3+ Kc1 61.Kd3 g4 62.Ke3 g3 63.Kd3 Nd7 64.Bd5 Kd1 65.Bc6 Nf6 66.Kc4 e4 
67.Kxb4 e3 68.a4 Kd2 69.Bf3 Nd5+ 70.Kc5 Nf4 71.a5 Nxg2 72.a6 Nh4 73.a7 
Nxf3 74.a8=Q e2 75.Qxf3 e1=Q 76.Kd4 Qf2+ 77.Ke4 Qe2+ 78.Kf4 g2 79.Qd5+ Ke1
80.Qc5 Qf2+ 0-1

[Event "23rd PKWN Festival it"]
[Site "Naleczow POL"]
[Date "1987.07.??"]
[Round "11"]
[White "Gavrilakis, Nikolaos"]
[Black "Przewoznik, Jan"]
[Result "1/2-1/2"]
[WhiteElo "2370"]
[BlackElo "2420"]
[EventDate "1987.07.15"]
[PlyCount "25"]

1.e4 e6 2.d4 d5 3.exd5 exd5 4.Bd3 Bd6 5.Ne2 Ne7 6.Bf4 Bf5 7.O-O O-O 8.c3 
Bxd3 9.Qxd3 Ng6 10.Bxd6 Qxd6 11.Nd2 Nd7 12.Rae1 Rfe8 13.Nc1 1/2-1/2

[Event "23rd PKWN Festival it"]
[Site "Naleczow POL"]
[Date "1987.07.??"]
[Round "11"]
[White "Luther, Thomas"]
[Black "Nun, Jiri"]
[Result "1/2-1/2"]
[WhiteElo "2425"]
[BlackElo "2460"]
[EventDate "1987.07.15"]
[PlyCount "57"]

1.e4 c5 2.c3 Nf6 3.e5 Nd5 4.d4 cxd4 5.Nf3 e6 6.cxd4 b6 7.Bd3 Bb4+ 8.Bd2 
Bxd2+ 9.Qxd2 Ba6 10.O-O O-O 11.Nc3 Bxd3 12.Qxd3 Nxc3 13.Qxc3 Nc6 14.Rac1 
Ne7 15.Nd2 Nd5 16.Qg3 f6 17.Ne4 fxe5 18.dxe5 Qe7 19.Rfd1 Rf5 20.Rd4 Raf8 
21.Nd6 Rg5 22.Rg4 h6 23.Rxg5 Qxg5 24.Qxg5 hxg5 25.a3 a6 26.Rc4 Kh7 27.Rg4 
Kh6 28.g3 Ne7 29.Kg2 1/2-1/2